header

The myth of popular culture from Dante to Dylan (Record no. 208834)

MARC details
000 -LEADER
fixed length control field 01239nam a2200325Ia 4500
245 04 - TITLE STATEMENT
Title The myth of popular culture from Dante to Dylan
260 ## - PUBLICATION, DISTRIBUTION, ETC. (IMPRINT)
Place of publication Malden, MA :
Name of publisher Wiley-Blackwell,
Year of publication 2010.
300 ## - PHYSICAL DESCRIPTION
Number of Pages xvi, 206 p.
490 1# - SERIES STATEMENT
Series statement Blackwell manifestos
650 #0 - SUBJECT ADDED ENTRY--TOPICAL TERM
Topical Term Popular culture.
Topical Term Arts, Modern.
700 1# - ADDED ENTRY--PERSONAL NAME
Personal name Meisel, Perry.
856 40 - ELECTRONIC LOCATION AND ACCESS
Uniform Resource Identifier http://site.ebrary.com/lib/rucke/Doc?id=10358913

No items available.

© 2026 Rongo University
Contact us: librarian | system librarian | Rongo university